| 000 | 00383cam a2200145ua 4500 | ||
|---|---|---|---|
| 041 |
_aeng _h |
||
| 082 |
_a828.09 _bLEW/AL |
||
| 100 | _aLewis, C S . | ||
| 245 |
_aAllegery of love: study of medieval tradition / _cC S Lewis. _hTextual Documents |
||
| 260 |
_aLondon : _bOxford University Press , _c1958. |
||
| 300 | _a377 ; . | ||
| 504 | _a | ||
| 942 | _cBK | ||
| 999 |
_c12559 _d12559 |
||